000 00504nam a2200157 i 4500
001 89322
003 ES-MaACL
005 20230906180139.0
007 t|
008 050110s1952 sp ||||1| spa d
100 1 _aLarregla Nogueras, Santiago.
_970345
245 1 0 _aPor los rincones del organismo humano
_b: vulgarización de altos temas médicos /
_cSantiago Larregla Nogueras.
260 _aMadrid :
_bMarbán,
_c1952 (
_fEstades)
300 _a274 p. ;
_c18 cm.
852 _aES-MaACL
_jD-8889
_bR.33457
999 _c89322
_d89322